Statystyki dla Połączone kształty krajów #2

Kliknij tutaj aby rozwiązać quiz!

Ogólne statystyki

  • Ten quiz został rozwiązany 145 razy
  • Średni wynik to 28 z 40

Statystyki odpowiedzi

Państwo% Poprawnych
Szwecja
98%
Finlandia
95%
Dania
94%
Niemcy
94%
Polska
93%
Białoruś
91%
Hiszpania
91%
Portugalia
90%
Austria
86%
Chorwacja
85%
Szwajcaria
85%
Serbia
81%
Libia
79%
Słowacja
79%
Czechy
78%
Republika Południowej Afryki
77%
Tunezja
76%
Etiopia
73%
Somalia
73%
Mozambik
72%
Laos
71%
Mjanma
71%
Bangladesz
69%
Korea Południowa
68%
Sudan
68%
Korea Północna
67%
Panama
66%
Kambodża
64%
Sudan Południowy
63%
Kostaryka
61%
Dominikana
58%
Haiti
58%
Kolumbia
48%
Wenezuela
47%
Kenia
46%
Kirgistan
46%
Tanzania
45%
Tadżykistan
44%
Boliwia
42%
Paragwaj
41%

Rozkład punktacji

Percentyl według liczby udzielonych odpowiedzi

Procent ludzi z każdym wynikiem

Twoja historia wyników

Nie rozwiązałeś tego quizu